MARC details
| 000 -CABECERA |
| campo de control de longitud fija |
02556nam a2200433 i 4500 |
| 001 - NÚMERO DE CONTROL |
| campo de control |
000046017 |
| 003 - IDENTIFICADOR DEL NÚMERO DE CONTROL |
| campo de control |
DO-SdBNP |
| 005 - FECHA Y HORA DE LA ÚLTIMA TRANSACCIÓN |
| campo de control |
20260218133846.0 |
| 007 - CAMPO FIJO DE DESCRIPCIÓN FÍSICA--INFORMACIÓN GENERAL |
| campo de control de longitud fija |
ta |
| 008 - DATOS DE LONGITUD FIJA--INFORMACIÓN GENERAL |
| campo de control de longitud fija |
150611s2013 dr a 000 0 spa d |
| 020 ## - NÚMERO INTERNACIONAL ESTÁNDAR DEL LIBRO |
| Número Internacional Estándar del Libro |
9789945471663 |
| 040 ## - FUENTE DE LA CATALOGACIÓN |
| Centro catalogador/agencia de origen |
DO-SdBNP |
| Lengua de catalogación |
spa |
| Centro/agencia transcriptor |
BNPHU |
| Normas de descripción |
rda |
| 041 ## - CÓDIGO DE LENGUA |
| Código de lengua del texto/banda sonora o título independiente |
spa |
| 082 #4 - NÚMERO DE LA CLASIFICACIÓN DECIMAL DEWEY |
| Número de clasificación |
972.93 |
| Número de documento/Ítem |
D812L |
| Número de edición |
22 |
| 100 1# - ENTRADA PRINCIPAL--NOMBRE DE PERSONA |
| Nombre de persona |
Mella, Pablo |
| Fechas asociadas al nombre |
1963- |
| Término indicativo de función/relación |
autor |
| Código de función/relación |
aut. |
| 9 (RLIN) |
74093 |
| 245 14 - MENCIÓN DE TÍTULO |
| Título |
Los espejos de Duarte / |
| Mención de responsabilidad, etc. |
Pablo Mella ; prólogo, Raymundo González. |
| 250 ## - MENCIÓN DE EDICIÓN |
| Mención de edición |
Primera edición |
| 264 ## - PRODUCCIÓN, PUBLICACIÓN, DISTRIBUCIÓN, FABRICACIÓN Y COPYRIGHT |
| Producción, publicación, distribución, fabricación y copyright |
Santo Domingo, República Dominicana : |
| Nombre del de productor, editor, distribuidor, fabricante |
Instituto Filosófico Pedro Fco. Bonó, |
| -- |
Paulinas, MSC, |
| Fecha de producción, publicación, distribución, fabricación o copyright |
2013. |
| 300 ## - DESCRIPCIÓN FÍSICA |
| Extensión |
439 páginas : |
| Otras características físicas |
ilustraciones ; |
| Dimensiones |
23 cm. |
| 336 ## - TIPO DE CONTENIDO |
| Término de tipo de contenido |
texto |
| Código de tipo de contenido |
txt |
| Fuente |
rdacontent |
| 337 ## - TIPO DE MEDIO |
| Nombre/término del tipo de medio |
sin mediación |
| Código del tipo de medio |
n |
| Fuente |
rdamedia |
| 338 ## - TIPO DE SOPORTE |
| Nombre/término del tipo de soporte |
volumen |
| Código del tipo de soporte |
nc |
| Fuente |
rdacarrier |
| 490 0# - MENCIÓN DE SERIE |
| Mención de serie |
Colección Pensamiento y vida ; |
| Designación de volumen o secuencia |
4 |
| 500 ## - NOTA GENERAL |
| Nota general |
Incluye datos biográficos del autor en la solapa. |
| 500 ## - NOTA GENERAL |
| Nota general |
Incluye notas a pie de páginas. |
| 500 ## - NOTA GENERAL |
| Nota general |
Incluye referencias bibliográficas y notas al pie de las páginas |
| 504 ## - NOTA DE BIBLIOGRAFÍA, ETC. |
| Nota de bibliografía, etc. |
Bibliografía: páginas 420-439 |
| 505 ## - NOTA DE CONTENIDO CON FORMATO |
| Nota de contenido con formato |
Introducción, 13 -- En el laberinto de los espejos : la historiografía dominicana y la interpretación duartiana, 23 -- La construcción discursiva del espejo : propuesta de análisis crítico del discurso para la literatura duartiana, 79 -- Estudio intertextual de los documentos en torno a Duarte : de los Apuntes de Rose Duarte a la literatura duartiana, 117 -- Duarte, anarquista y traidor de la Patria : las "proclamas" de Pedro Santana, julio 1844 , 175-- Duarte, elegido del Señor, Padre de la Patria : la "Apoteosis" de Fernando Meriño (1884), 233 -- Duarte, el amigo trinitario : los Apuntes para la historia de los trinitarios de José María Serra (1887), 279 -- Duarte, apóstol del derecho : la Exposición de Emiliano Tejera al Congreso Nacional (1894), 347 -- Reflexiones para concluir: el orden del discurso duartiano, 413 -- Apéndice final, 418 |
| 590 ## - NOTA LOCAL (RLIN) |
| Nota local |
Inventariado, 2019/VM |
| 600 10 - PUNTO DE ACCESO ADICIONAL DE MATERIA--NOMBRE DE PERSONA |
| Nombre de persona |
Duarte, Juan Pablo, |
| Fechas asociadas al nombre |
1813-1876. |
| 9 (RLIN) |
1494 |
| 600 10 - PUNTO DE ACCESO ADICIONAL DE MATERIA--NOMBRE DE PERSONA |
| Nombre de persona |
Duarte, Juan Pablo, |
| Fechas asociadas al nombre |
813-1876 |
| Subdivisión general |
Influencia. |
| 9 (RLIN) |
89057 |
| 650 #7 - PUNTO DE ACCESO ADICIONAL DE MATERIA--TÉRMINO DE MATERIA |
| Término de materia o nombre geográfico como elemento de entrada |
Influencia (literaria, artística, etc.) |
| 9 (RLIN) |
89058 |
| 650 #7 - PUNTO DE ACCESO ADICIONAL DE MATERIA--TÉRMINO DE MATERIA |
| Término de materia o nombre geográfico como elemento de entrada |
Análisis del discurso |
| Subdivisión general |
Aspectos políticos |
| Fuente del encabezamiento o término |
LIBRUNAM |
| 9 (RLIN) |
89059 |
| 651 ## - PUNTO DE ACCESO ADICIONAL DE MATERIA--NOMBRE GEOGRÁFICO |
| Nombre geográfico |
República Dominicana |
| Subdivisión general |
Política y gobierno |
| Fuente del encabezamiento o término |
LIBRUNAM |
| 9 (RLIN) |
45 |
| 700 1# - PUNTO DE ACCESO ADICIONAL--NOMBRE DE PERSONA |
| Nombre de persona |
González, Raymundo, |
| Término indicativo de función/relación |
prologuista |
| 9 (RLIN) |
6373 |
| Código de función/relación |
pr. |
| 700 1# - PUNTO DE ACCESO ADICIONAL--NOMBRE DE PERSONA |
| Nombre de persona |
Alba Rocha, Kary |
| Término indicativo de función/relación |
corrector |
| Código de función/relación |
co. |
| 9 (RLIN) |
88862 |
| 910 ## - DATOS DE OPCIÓN DEL USUARIO (OCLC) |
| Datos de opción del usuario |
Validado. Control de calidad MFF |
| 942 ## - ELEMENTOS DE PUNTO DE ACCESO ADICIONAL (KOHA) |
| Fuente del sistema de clasificación o colocación |
Dewey Decimal Classification |
| Tipo de ítem Koha |
Libro |